| 000 | 01250nam a22003737a 4500 | ||
|---|---|---|---|
| 003 | CHAP | ||
| 005 | 20220817042045.0 | ||
| 008 | 971013s1942 r 00010 d | ||
| 010 | _a33296 | ||
| 011 | _a34268 | ||
| 035 | _a38384 | ||
| 040 | _cCHAP | ||
| 082 |
_a382 _bE55Y |
||
| 100 | 0 | 0 |
_aEllsworth, P. T. _936399 |
| 245 | _aComercio internacional (International economics) | ||
| 260 |
_aMéxico, D.F. : _bFondo de Cultura Económica, _c1942 |
||
| 300 | _a2 v. | ||
| 500 | _a2 ed. 1946 idéntica, publicada en 1v. | ||
| 505 | _aContenido : v.1 Teoría .- v.2 Política | ||
| 590 |
_aBATCH-UPD _b10 _c20130110 _lUCH01 _h1247 |
||
| 590 |
_aBATCH-UPD _b10 _c20130410 _lUCH01 _h0810 |
||
| 590 |
_aBATCH-UPD _b10 _c20130914 _lUCH01 _h1015 |
||
| 590 |
_aCONVERSION _b10 _c20130109 _lUCH01 _h1319 |
||
| 650 | 1 | 4 |
_aComercio internacional. _925641 |
| 650 | 1 | 4 |
_aPolítica comercial. _990470 |
| 650 | 1 | 4 | _aPolítica económica. |
| 700 | 0 |
_aMárquez, Javier. _976364 |
|
| 700 | 0 |
_aUrquidi, Víctor L. _9116979 |
|
| 901 | _aBK | ||
| 942 | _cLIBRO | ||
| 949 |
_a382 E55Y _bBC _cLIBRO _d-87801 _eLIBRO _f1946 _i38384 _si |
||
| 949 |
_a382 E55Y _bBC _cLIBRO _d-87802 _eLIBRO _f1946 c.2 _i38384 _si |
||
| 949 |
_a382 E55Y _bBC _cLIBRO _d-87803 _eLIBRO _f1946 c.3 _i38384 _si |
||
| 999 |
_c33296 _d33296 |
||